|
|
|
|
| LEADER |
00000nam a2200000 a 4500 |
| 001 |
vtls001265973 |
| 003 |
SK-MaSNL |
| 005 |
20260301234554.0 |
| 008 |
240315s1987 xr 0 cze |
| 035 |
|
|
|a SNK000216908
|
| 040 |
|
|
|a SNK
|b slo
|c SNK
|e AACR2
|
| 041 |
0 |
|
|a cze
|
| 044 |
|
|
|a CZ
|
| 080 |
|
|
|a 355(03)=850
|2 1981
|
| 080 |
|
|
|a 03:355=850
|2 1981
|
| 080 |
|
|
|a 32(03)=850
|2 1981
|
| 080 |
|
|
|a 03:32=850
|2 1981
|
| 100 |
1 |
|
|a Mikulín, Antonín
|4 aut
|9 375013
|
| 245 |
1 |
|
|a Vojensko-politický slovník
|c Antonín Mikulín
|
| 260 |
|
|
|a Praha
|b Naše vojsko
|c 1987
|
| 300 |
|
|
|a 336 s.
|c 8°
|
| 650 |
0 |
7 |
|a vojenstvo
|x lexikony české
|2 SNK
|9 630761
|
| 650 |
0 |
7 |
|a politika
|x lexikony české
|2 SNK
|9 630762
|
| 958 |
|
|
|a RK
|
| 958 |
|
|
|a OND
|
| 999 |
|
|
|c 970713
|d 972643
|
| 952 |
|
|
|t P60, <04>, [BOOK], {604}
|a SNK
|b SNK
|y VYP
|7 0
|p 17A0021096
|o snkIC 107642
|i snkKIP 2357/88
|0 0
|1 0
|4 0
|d 1996-11-12
|l 0
|r 2005-01-01 00:00:00
|w 2026-02-24
|
| 952 |
|
|
|t snkMIK 355/359(038)
|a SNKUST
|b SNKUST
|y PREZ
|7 0
|p 17A0081959
|o snkIC 107642 D1
|i snkKIP 2358/88
|0 0
|1 0
|4 0
|d 1997-07-17
|l 0
|r 2025-03-21 00:00:00
|w 2026-02-24
|